Statistics for Wordle Continents #2

Click here to take the quiz!

General Stats

  • This quiz has been taken 66 times
  • The average score is 89 of 196

Answer Stats

HintCountry% Correct
usUnited States
85%
caCanada
79%
auAustralia
71%
cnChina
69%
mxMexico
69%
brBrazil
67%
nzNew Zealand
67%
uyUruguay
67%
arArgentina
63%
cuCuba
63%
egEgypt
63%
frFrance
63%
jpJapan
63%
gtGuatemala
60%
inIndia
60%
pyParaguay
60%
clChile
58%
esSpain
58%
gbUnited Kingdom
58%
coColombia
56%
jmJamaica
56%
ruRussia
56%
dmDominica
54%
fjFiji
54%
deGermany
54%
itItaly
54%
niNicaragua
54%
paPanama
54%
sdSudan
54%
bzBelize
52%
cdDemocratic Republic
of the Congo
52%
ecEcuador
52%
nrNauru
52%
pePeru
52%
cgRepublic of the Congo
52%
vuVanuatu
52%
veVenezuela
52%
crCosta Rica
50%
fmFederated States of
Micronesia
50%
gnGuinea
50%
hnHonduras
50%
kzKazakhstan
50%
mnMongolia
50%
wsSamoa
50%
agAntigua and Barbuda
48%
bsBahamas
48%
bbBarbados
48%
beBelgium
48%
boBolivia
48%
tdChad
48%
doDominican Republic
48%
gyGuyana
48%
htHaiti
48%
lyLibya
48%
mhMarshall Islands
48%
neNiger
48%
ptPortugal
48%
knSaint Kitts and Nevis
48%
zaSouth Africa
48%
krSouth Korea
48%
srSuriname
48%
toTonga
48%
ttTrinidad and Tobago
48%
tvTuvalu
48%
dzAlgeria
46%
gdGrenada
46%
idIndonesia
46%
irIran
46%
ilIsrael
46%
keKenya
46%
kiKiribati
46%
kgKyrgyzstan
46%
lsLesotho
46%
mtMalta
46%
maMorocco
46%
npNepal
46%
ngNigeria
46%
kpNorth Korea
46%
pwPalau
46%
pgPapua New Guinea
46%
lcSaint Lucia
46%
sySyria
46%
tjTajikistan
46%
vnVietnam
46%
afAfghanistan
44%
adAndorra
44%
atAustria
44%
azAzerbaijan
44%
bdBangladesh
44%
svEl Salvador
44%
szEswatini
44%
etEthiopia
44%
grGreece
44%
iqIraq
44%
ieIreland
44%
joJordan
44%
lvLatvia
44%
lbLebanon
44%
mrMauritania
44%
muMauritius
44%
pkPakistan
44%
vcSaint Vincent and the
Grenadines
44%
saSaudi Arabia
44%
sbSolomon Islands
44%
trTurkey
44%
tmTurkmenistan
44%
uzUzbekistan
44%
vaVatican City
44%
yeYemen
44%
aoAngola
42%
amArmenia
42%
btBhutan
42%
erEritrea
42%
eeEstonia
42%
geGeorgia
42%
ghGhana
42%
ltLithuania
42%
mgMadagascar
42%
myMalaysia
42%
mlMali
42%
naNamibia
42%
noNorway
42%
snSenegal
42%
sgSingapore
42%
soSomalia
42%
ssSouth Sudan
42%
uaUkraine
42%
aeUnited Arab Emirates
42%
baBosnia and
Herzegovina
40%
khCambodia
40%
cvCape Verde
40%
cfCentral African Republic
40%
hrCroatia
40%
cyCyprus
40%
dkDenmark
40%
djDjibouti
40%
tlEast Timor
40%
gaGabon
40%
gwGuinea-Bissau
40%
huHungary
40%
isIceland
40%
ciIvory Coast
40%
xkKosovo
40%
laLaos
40%
mwMalawi
40%
nlNetherlands
40%
mkNorth Macedonia
40%
phPhilippines
40%
plPoland
40%
qaQatar
40%
roRomania
40%
smSan Marino
40%
stSão Tomé and Príncipe
40%
rsSerbia
40%
lkSri Lanka
40%
seSweden
40%
chSwitzerland
40%
twTaiwan
40%
thThailand
40%
tgTogo
40%
tnTunisia
40%
ugUganda
40%
zwZimbabwe
40%
alAlbania
38%
bhBahrain
38%
byBelarus
38%
bwBotswana
38%
bgBulgaria
38%
bfBurkina Faso
38%
biBurundi
38%
cmCameroon
38%
kmComoros
38%
czCzech Republic
38%
fiFinland
38%
gmGambia
38%
liLiechtenstein
38%
luLuxembourg
38%
mdMoldova
38%
mcMonaco
38%
meMontenegro
38%
mzMozambique
38%
mmMyanmar
38%
omOman
38%
rwRwanda
38%
scSeychelles
38%
skSlovakia
38%
siSlovenia
38%
tzTanzania
38%
zmZambia
38%
bjBenin
35%
bnBrunei
35%
gqEquatorial Guinea
35%
kwKuwait
35%
lrLiberia
35%
mvMaldives
35%
slSierra Leone
35%

Score Distribution

Percentile by Number Answered

Percent of People with Each Score

Your Score History

You have not taken this quiz